000 00236nam a22000857a 4500
008 160624b xxu||||| |||| 00| 0 eng d
100 _91089
_aEdwards, J
245 _aResolutions of a Saintly Scholar
260 _aAM
_bWorldwide Publications
_c1974
999 _c875
_d875